000 01004nam a22002297a 4500
003 OSt
005 20250918155050.0
008 240401b ||||| |||| 00| 0 eng d
040 _c0
082 _aDPer 621.381 In821 September 2022 v. 37 n. 9
100 _aHuang, Linsen.
_eauthor.
_955580
245 _aRemedial direct torque control for dual three-phase permanent-magnet motor with harmonic torque suppression /
_cLinsen Huang, Jinghua Ji, Tao Tao, Yuxuan Du, and Wenxiang Zhao.
260 _aNew York ;
_bThe Institute of Electrical and Electronics Engineers, Inc. ,
_cSeptember 2022.
300 _aVolume 37, pages 11085-11097 :
_billustration ;
_c28 cm.
500 _aIEEE Transitions on Power Electronics, v. 37 n. 9, pages 11085-11097, September 2022.
700 _aHuang, Linsen.
_eauthor.
_955580
700 _aJi, Jinghua.
_eauthor.
_955581
700 _aTao, Tao.
_eauthor.
_955582
700 _aDu, Yuxuan.
_eauthor.
_955583
700 _aZhao, Wenxiang.
_eauthor.
_955584
942 _2ddc
_cPER
999 _c19910
_d19910